LEADER 00692nam a2200205 i 4500 001 000000158910 003 CaOOAMICUS 005 20070214000000.0 008 070214s1983 it u000 u ita u 013 $a136273 020 $a88--7026-483-1 040 $aSeMil$bita 245 10$aTesto. 250 $a6. ed rielaborata. 300 $a323 p. 773 0 $aPoppi, Angelico <1928-2017>$tSinossi dei quattro vangeli.$dPadova : Messaggero, 1983-1991.$gVolume1$w()17261 850 $aSeMil 852 $aSeMil$W1$xVenegono$y1$m156 63 1 *$j110503$B110503$CSeMilBibl$Z2$F120133 $81 996 $6020$a88--7026-483-1$9(OLS)http://semarc/number/74401 996 $6245$aTesto$9(OLS)http://semarc/title/52238 LEADER 01095nam a2200217 i 4500 001 000000225987 003 CaOOAMICUS 005 20140102000000.0 008 140102s1755 it u000 u lat u 013 $a204889 026 $ainn- t.ii o-ed chne (3) 1755 (R) 040 $aSeMil$bita 245 10$aTomus 3. 300 $aXVI, 595, [1] p. 500 $aSegn. : *-*4 A-4D4 4E6. 773 0 $aIoannes : Chrysostomus $tSancti patris Joannis Chrysostomi ... Opera omnia quae extant, vel quae ejus nomine circumferuntur ad Parisiensem editionem monachorum Ord. s. Benedicti castigata, innumeris aucta, nova interpretatione ubi opus erat, ... & copiosissimis indicibus locupletata. Tomus 1. [-13.].$dRoboreti : Francisci Pitteri bibliopolae Veneti ; Et Petri Antonii Berni bibliopolae Veronensis ; Sumptibus Francisci Marchesani typograpy, 1753-1764.$g3$w()9115 850 $aSeMil 852 $aSeMil$W1$xVenegono$y1$m2U V 3 FA$j176333$B176333$CSeMilBibl$Z2$F186882 $8I 941 1 $a10 961 $aRecupero: Mantegazza 996 $6245$aTomus 3$9(OLS)http://semarc/title/70582